| 000 | 00741cam a22002294a 4500 | ||
|---|---|---|---|
| 001 | 17365862 | ||
| 005 | 20130131143916.0 | ||
| 008 | 120628s2012 nyua 000 0 eng | ||
| 020 | _a9780230368897 (pbk.) | ||
| 020 | _a9780230368897 | ||
| 020 | _a9780230368880 (hardball) | ||
| 082 | 0 | 0 |
_a339.53 _223 _bWRA |
| 100 | 1 |
_aWray, L. Randall, _d1953- _932231 |
|
| 245 | 1 | 0 |
_aModern Money Theory : _ba Primer on Macroeconomics for Sovereign Monetary Systems / _cby L. Randall Wray. |
| 260 |
_aNew York : _bPalgrave Macmillan, _c2012. |
||
| 300 |
_axvi, 294 p. : _bill. ; _c22 cm. |
||
| 650 | 0 |
_aMonetary policy. _932232 |
|
| 650 | 0 |
_aFiscal policy. _932233 |
|
| 650 | 0 |
_aMacroeconomics. _932234 |
|
| 653 |
_bEco _cJanuary2013 |
||
| 942 |
_2ddc _cBB |
||
| 999 |
_c17191 _d17163 |
||